| 000 | 00504nam a2200169Ia 4500 | ||
|---|---|---|---|
| 003 | OSt | ||
| 005 | 20200626111330.0 | ||
| 008 | 190216s9999||||xx |||||||||||||| ||und|| | ||
| 020 | _a9780615454658 | ||
| 040 | _coclc | ||
| 082 |
_a954.83 _bVIL/I |
||
| 100 |
_aVilanilam, J V _93255 |
||
| 245 | 0 |
_aIntroduction To Kerala Studies / _cJ V Vilanilam ; Antony Palackal ; Sunny Luke |
|
| 260 |
_bIISAC, _c2012. _aUSA: |
||
| 300 | _a687p | ||
| 942 |
_cBK _2ddc _h954.83 _iVIL/I _k954.83 _mVIL/I |
||
| 999 |
_c21636 _d21636 |
||